| 000 | 00465nam a2200181Ia 4500 | ||
|---|---|---|---|
| 001 | 8166 | ||
| 005 | 20260306160549.0 | ||
| 008 | 260306t2011||||xx |||||||||||||| ||spa|| | ||
| 041 | _aESP | ||
| 082 |
_a370.115 _bF83P |
||
| 100 |
_aFreire, Paulo _eAUT |
||
| 245 | 0 |
_aPedagogía de la esperanza: _bun reencuentro con la pedagogía del oprimido |
|
| 260 | _c2011 | ||
| 300 |
_a273 páginas : _c21 cm. |
||
| 650 | _aGEN | ||
| 654 | _aCED | ||
| 942 |
_cLIB _dJUS _fJUS _2ddc _n |
||
| 999 |
_c8166 _d8166 |
||